000 00766nam a22002177a 4500
005 20250516153242.0
008 250516b |||||||| |||| 00| 0 eng d
020 _a81-87654-13-9 (hbk)
037 _cTB
040 _aCRL
_cCRL
041 _2Pun
_aPun
084 _aO153,1N201:g R3
_qCRL
100 _aਕੌਰ, ਇਕਬਾਲ
_9784925
245 _aਹਰਿਭਜਨ ਸਿੰਘ ਦਾ ਕਵ ਜਗਤ
300 _a214ਪ.
365 _b695.00
_cINR
650 _aਪੰਜਾਬੀ ਸਾਹਿਤ
_9784926
650 _aਪੰਜਾਬੀ ਕਾਵਿ
_9784927
942 _2CC
_cTB
_hO153,1N201:g R3
_n0
999 _c1401047
_d1401047